<?xml version="1.0" encoding="UTF-8"?>
<collection xmlns="http://www.loc.gov/MARC21/slim">
 <record>
  <leader>     na                 </leader>
  <controlfield tag="001">INLIS000000000692282</controlfield>
  <controlfield tag="005">20200617110826</controlfield>
  <datafield tag="035" ind1=" " ind2=" ">
   <subfield code="a">0010-0620000135</subfield>
  </datafield>
  <datafield tag="100" ind1=" " ind2=" ">
   <subfield code="a">Heru Kurniawan</subfield>
  </datafield>
  <datafield tag="245" ind1="1" ind2=" ">
   <subfield code="a">150 Kata Bahasa Inggris /</subfield>
   <subfield code="c">Heru Kurniawan ; Dwi Aryanti ; Windiya Utami</subfield>
  </datafield>
  <datafield tag="260" ind1=" " ind2=" ">
   <subfield code="a">Solo :</subfield>
   <subfield code="b">PT Tiga Serangkai Pustaka Mandiri,</subfield>
   <subfield code="c">2018</subfield>
  </datafield>
  <datafield tag="300" ind1=" " ind2=" ">
   <subfield code="a">64 hlm. :</subfield>
   <subfield code="b">ilus ;</subfield>
   <subfield code="c">24 cm.</subfield>
  </datafield>
  <datafield tag="521" ind1="1" ind2=" ">
   <subfield code="a">Untuk anak usia 3-5 tahun</subfield>
  </datafield>
  <datafield tag="700" ind1="0" ind2=" ">
   <subfield code="a">Dwi Aryanti ; Windiya Utami</subfield>
  </datafield>
  <datafield tag="850" ind1=" " ind2=" ">
   <subfield code="a">JKPNPNA</subfield>
  </datafield>
  <controlfield tag="006">a           ||| |</controlfield>
  <controlfield tag="007">ta</controlfield>
  <controlfield tag="008">200617                b          0 ind  </controlfield>
  <datafield tag="020" ind1=" " ind2=" ">
   <subfield code="a">978-602-366-514-3</subfield>
  </datafield>
  <datafield tag="040" ind1=" " ind2=" ">
   <subfield code="a">JKPNPNA</subfield>
   <subfield code="b">ind</subfield>
  </datafield>
  <datafield tag="082" ind1=" " ind2=" ">
   <subfield code="a">372.41</subfield>
  </datafield>
  <datafield tag="084" ind1=" " ind2=" ">
   <subfield code="a">372.41 HER s</subfield>
  </datafield>
  <datafield tag="090" ind1=" " ind2=" ">
   <subfield code="a">CB-D.9 2016-2128</subfield>
  </datafield>
  <datafield tag="250" ind1=" " ind2=" ">
   <subfield code="a">Cet. 1</subfield>
  </datafield>
  <datafield tag="600" ind1=" " ind2="4">
   <subfield code="a">Buku Bacaan Anak Mengenal Jenis Kosakata Dalam Bahasa Inggris</subfield>
  </datafield>
 </record>
</collection>
